000 00760nam a22002177a 4500
003 UA-OsUOA
001 112856
007 ta
008 20150804b un ||||| |||| 00| 0 ukr d
100 _aГнібіденко І.
090 _a330(477)
_bГ56
942 _cSA
040 _aUA-OsUOA
_bukr
_cUA-OsUOA
_dUA-OsUOA
245 _aГлобальні зміни у соціально-трудовій сфері: стан та вплив на трансформацію інститутів соціального захисту населення
300 _aС.3-8
955 _a0
041 _aukr
080 _a330(477)
773 0 _w112855
_tУкраїна: аспекти праці
_dК.
_d2015
_g4
650 7 _a330 Економіка взагалі
_2UDC
999 _c399262
_d399262